000 00735nam a2200277Ia 4500
001 8700
005 20240113234128.0
007 ta
008 050721s1983 a g b000 u eng u
020 _cPB
040 _aCotton College,Asaam
041 _aeng
082 _a552.4
_bV 559 M
100 _aVernon, R.H. .
245 0 _aMetamorphic Processes: Reactions and Microstructure Development /
_cR.H. Vernon.
_hTextual Documents
250 _a1st ed. /
260 _aLondon :
_bGeorge Allen and Unwin Ltd ,
_c1983.
300 _a247p. :
_bill. ;
_c22cm .
504 _aIndex
653 _aGeology
653 _aMetamorphology
653 _aPG-Geology
942 _2ddc
_cBK
999 _c8687
_d8687